00671nam a2200241 a 4500001001300000003000900013005001700022008004100039020001000080082001600090100001700106245005300123260003400176300000900210500003500219505001000254650002200264700001700286902000800303942000700311952009600318999001500414nice12345678IN_TiNIC20260116011458.0050524s1957 lona grp 000 0 eng  ac10000a297.7bTRI1 aTritton, A S aMaterials on Muslim Education in the Middle Ages aLondon bLuzac and Co. c1957 a209p aincludes index and biblioraphy2 aIndex aIslamic-Education1 aTritton, A S bSRS cBK 00104070aHMIbHMId2007-07-12g100.00l0o297.7 TRI1p01101r2007-07-12w2026-01-16yEB c1896d1896